00500 a2200157 450000500170000001000250001702000230004203500430006503700150010808200060012310000220012924500680015126000370021927000630025630000230031920190306155253.0 aENG-86926, B-231365 a8188965316c250.00 aEN-70459, B-231346, B-231365,B-231363 bDBAD / PUB14aN1 aFeryal Ali Gauhar1 aNo space for further burials :cby Feryal Ali Gauharba novel / aNew DelhibWomen Unlimitedc2007 aK-36, Hauz Khas Enclave , Ground FloorbNew Delhie110 016 a192 pc21 cm (Pbk)